<?xml version="1.0" encoding="UTF-8"?>
<marc:record xmlns:marc="http://www.loc.gov/MARC21/slim">
   <marc:leader>00000nam a2200000 a 4500</marc:leader>
   <marc:datafield ind1="1" ind2=" " tag="100">
      <marc:subfield code="a">Brack, Robert</marc:subfield>
      <marc:subfield code="4">ctb</marc:subfield>
      <marc:subfield code="e">Mitwirkende/-r</marc:subfield>
   </marc:datafield>
   <marc:datafield ind1="1" ind2=" " tag="100">
      <marc:subfield code="a">Diekhoff, Marlen</marc:subfield>
      <marc:subfield code="4">ctb</marc:subfield>
      <marc:subfield code="e">Mitwirkende/-r</marc:subfield>
   </marc:datafield>
   <marc:datafield ind1="1" ind2=" " tag="100">
      <marc:subfield code="a">Osterwold, Margrit</marc:subfield>
      <marc:subfield code="4">ctb</marc:subfield>
      <marc:subfield code="e">Mitwirkende/-r</marc:subfield>
   </marc:datafield>
   <marc:datafield ind1=" " ind2=" " tag="653">
      <marc:subfield code="a">Thriller</marc:subfield>
   </marc:datafield>
   <marc:datafield ind1=" " ind2=" " tag="653">
      <marc:subfield code="a">Spionage</marc:subfield>
   </marc:datafield>
   <marc:datafield ind1=" " ind2=" " tag="653">
      <marc:subfield code="a">CD</marc:subfield>
   </marc:datafield>
   <marc:datafield ind1="0" ind2="0" tag="245">
      <marc:subfield code="a">Und das Meer gab seine Toten wieder</marc:subfield>
   </marc:datafield>
   <marc:datafield ind1="0" ind2="0" tag="245">
      <marc:subfield code="b">Krimi ; gekürzte Lesung</marc:subfield>
   </marc:datafield>
   <marc:datafield ind1="0" ind2="0" tag="245">
      <marc:subfield code="c">Robert Brack. Gelesen von Marlen Diekhoff. Regie: Margrit Osterwold</marc:subfield>
   </marc:datafield>
   <marc:datafield ind1=" " ind2="1" tag="264">
      <marc:subfield code="a">Hamburg</marc:subfield>
      <marc:subfield code="b">Hörbuch Hamburg</marc:subfield>
      <marc:subfield code="c">2009</marc:subfield>
   </marc:datafield>
   <marc:datafield ind1="1" ind2=" " tag="520">
      <marc:subfield code="a">Angaben aus der Verlagsmeldung

Und das Meer gab seine Toten wieder / von Robert Brack

Man fand sie am Strand von Pellworm: die zwei Polizistinnen sind angeblich freiwillig in den Tod gegangen. Hielten sie die Machtkämpfe innerhalb der Weiblichen Kriminalpolizei nicht aus? Ihre Chefin, Josephine Erkens, wird unmittelbar danach vom Dienst suspendiert. Sie tritt in den Hungerstreik. Dabei soll sie mit dem Selbstmord ihrer besten Mitarbeiterinnen nichts zu tun haben. Nicht nur über diese Ungereimtheit stolpert die englische Kriminalbeamtin Jennifer Stevenson, als sie im Herbst 1931 vom internationalen Verband der weiblichen Kriminalpolizisten nach Hamburg geschickt wird, um herauszufinden, warum die dortige weibliche Abteilung aufgelöst wurde. Überall schlägt ihr eine Atmosphäre des Misstrauens entgegen. Ihre Nachforschungen werden massiv behindert, sie irrt durch eine intrigante, von Dunkelmännern unterwanderte Polizeibehörde. Bis ihre Wege sie auf die Insel führen, auf der die Leichen gefunden wurden. Ihr Leben ist in Gefahr…
</marc:subfield>
   </marc:datafield>
   <marc:datafield ind1=" " ind2=" " tag="020">
      <marc:subfield code="a">9783899036541</marc:subfield>
      <marc:subfield code="9">9783899036541</marc:subfield>
   </marc:datafield>
   <marc:datafield ind1=" " ind2=" " tag="041">
      <marc:subfield code="a">ger</marc:subfield>
   </marc:datafield>
   <marc:datafield ind1=" " ind2=" " tag="300">
      <marc:subfield code="a">3 CDs</marc:subfield>
   </marc:datafield>
</marc:record>
